000 01481cad a22002295a 4500
001 L147322
008 090429e20090211xxk f 001 0 eng d
035 _a(Sirsi) u147322
041 0 _aeng
110 2 _aRoyal Institution of Chartered Surveyors
_94900
245 0 0 _aNRM 1
_bRICS New rules of measurement
_border of cost estimating and elemental cost planning
_h[electronic resource]
260 _c2009
490 0 _aRICS Guidance Note
520 _aAnnounces the launch of RICS New Rules of Measurement volume one. This new tool allows those involved in a construction project to have a standard set of rules. These rules are primarily for the UK but can be applicable worldwide. Volume one "Order of Cost Estimating and Elemental Cost Planning" provides quantification guidelines to help prepare costs estimates and costs plans and gives guidance on costs associated with construction such as preliminaries, overheads and profit, project team and design team fees, risk allowances, inflation, and other development and project costs. Members can download the Volume.
590 _aKA
650 2 4 _aRICS NEW RULES OF MEASUREMENT
650 2 4 _aNEW RULES OF MEASUREMENT 1
651 4 _aInternational
690 _aBUILT ENVIRONMENT-QUANTITY SURVEYING-CONSTRUCTION COST ESTIMATING
856 4 1 _uhttps://www.rics.org/Global/Downloads/NRMOrderCostEstimatElementalCostPlanning_Feb09_1_.pdf
_zView the item free of charge (members-only) content at www.rics.org
942 _n0
999 _c109518
_d109518